000 00417nam a22001697a 4500
003 macl
005 20151223123827.0
008 151223b xxu||||| |||| 00| 0 eng d
040 _cmacl
041 _aEnglish
082 _a300/PAT
100 _aVibhuti Patel
_922290
245 _aDiscourse on Women & Empowerment
260 _aNew Delhi
_bThe Women Press
_c2009
650 _aWomen Power
_917608
942 _2ddc
_cBK
999 _c51593
_d51593